[Event "Top 16"]
[Site "Bastia"]
[Date "2004.10.31"]
[Round "1.2"]
[White "Rublevsky, Sergei"]
[Black "Drazic, Sinisa"]
[Result "1-0"]
[WhiteElo "2649"]
[BlackElo "2495"]
[PlyCount "77"]
[EventDate "2004.10.31"]
[Source "Roberto Alvarez"]
[SourceDate "2004.11.08"]

1. e4 a6 2. d4 b5 3. Nf3 Bb7 4. Bd3 e6 5. Qe2 c5 6. c3 Nf6 7. O-O cxd4 8. cxd4 Be7 9. Nc3 O-O 10. Bg5 d6 11. e5 Nfd7 12. Bf4 Bxf3 13. Qxf3 d5 14. Qg4 Kh8 15. Rac1 Ra7 16. Rfe1 Qb6 17. Rcd1 g6 18. Bh6 Re8 19. Qf3 Kg8 20. Ne2 Nc6 21. Qg3 Qd8 22. Nf4 Nf8 23. Bb1 Rc7 24. Qg4 Nb4 25. Re2 Qc8 26. h4 Rc1 27. Ree1 Rxd1 28. Rxd1 Kh8 29. h5 Qd7 30. a3 Nc6 31. Rd3 Bd8 32. Bxf8 Rxf8 33. hxg6 hxg6 34. Rh3+ Kg8 35. Nh5 Qa7 36. Bxg6 f5 37. exf6 Qxd4 38. Rh1 Nb8 39. Qd1 1-0

[Event "X Open internazionale"]
[Site "Banyoles SPA"]
[Date "2007.08.20"]
[Round "5"]
[White "Fluvia, Jordi"]
[Black "Shengelia, Davit"]
[Result "1-0"]
[WhiteElo "2497"]
[BlackElo "2572"]
[PlyCount "111"]
[EventDate "2007.08.16"]
[Source "www.chesslib.no"]
[SourceDate "2004.05.04"]

1. e4 a6 2. d4 b5 3. c4 Bb7 4. d5 e6 5. Nf3 Bb4+ 6. Nc3 Ne7 7. Bd3 f5 8. Bg5 bxc4 9. Bxc4 fxe4 10. Ne5 O-O 11. dxe6 d6 12. Nf7 Qe8 13. O-O Bxc3 14. bxc3 Nbc6 15. Rb1 Bc8 16. Qg4 d5 17. Bb3 h5 18. Qh3 Nf5 19. Bxd5 Bxe6 20. Qxf5 Bxf5 21. Nd6+ Qe6 22. Bxe6+ Bxe6 23. Nxe4 Bxa2 24. Rb7 Bd5 25. Nc5 a5 26. Rd1 Rf5 27. Be3 a4 28. Rxc7 a3 29. c4 a2 30. Ra1 Bxc4 31. Rxc6 Rb8 32. Nb7 Rxb7 33. Rxc4 Rb1+ 34. Rc1 Rxa1 35. Rxa1 Rb5 36. Rf1 Rb1 37. Bd4 Kf7 38. f3 g6 39. Kf2 Ke6 40. Re1+ Kd5 41. Bh8 Kd6 42. Ke2 h4 43. Kd2 g5 44. Rd1 Ke6 45. Kc2 Rb7 46. h3 Rb8 47. Bc3 Ra8 48. Ba1 Rb8 49. Bc3 Ra8 50. Ra1 Kf5 51. Bd2 Ke5 52. Kb2 Kd4 53. Rxa2 Re8 54. Kc2 Re2 55. Ra4+ Ke5 56. Rg4 1-0

[Event "Jack Speigel Memorial"]
[Site "Southend ENG"]
[Date "2008.03.21"]
[Round "1"]
[White "Emms, J."]
[Black "Plaskett, J."]
[Result "0-1"]
[WhiteElo "2502"]
[BlackElo "2490"]
[PlyCount "90"]
[EventDate "2008.03.21"]
[Source "www.chesslib.no"]
[SourceDate "2004.05.04"]

1. e4 a6 2. d4 d6 3. Nf3 g6 4. Nc3 Bg7 5. Be3 Nd7 6. Bd3 b6 7. O-O Bb7 8. Qd2 e6 9. h3 h6 10. Ne2 Ngf6 11. Ng3 Qe7 12. c3 Kf8 13. Rae1 Kg8 14. Nh2 h5 15. Bg5 e5 16. f4 exf4 17. Rxf4 Qe6 18. Ref1 Rf8 19. Bc2 c5 20. Bb3 c4 21. d5 Qe5 22. Nf3 Qe8 23. Bxc4 Nh7 24. Bh4 Bh6 25. Ne2 Ne5 26. Bb3 Bc8 27. Bg3 f5 28. Qd4 Bg7 29. Qd1 g5 30. Rxf5 Bxf5 31. exf5 Nxf3+ 32. Rxf3 g4 33. Rf1 Be5 34. Qd3 Bxg3 35. Nxg3 Qe5 36. f6 Rxf6 37. Rxf6 Nxf6 38. Qg6+ Kf8 39. Nf5 Qe1+ 40. Kh2 g3+ 41. Nxg3 Ng4+ 42. hxg4 hxg4+ 43. Nh5 Qe5+ 44. Kg1 Rxh5 45. Bc4 Qe3+ 0-1

[Event "Budva zt"]
[Site "Budva"]
[Date "1981.??.??"]
[Round "1"]
[White "Hulak, Krunoslav"]
[Black "Makropoulos, Georgios"]
[Result "1-0"]
[WhiteElo "2475"]
[BlackElo "2475"]
[PlyCount "83"]
[EventDate "1981.10.??"]
[Source "ChessBase"]

1. e4 a6 2. d4 b5 3. Bd3 Bb7 4. Nf3 Nf6 5. Qe2 e6 6. c3 c5 7. O-O d5 8. e5 Ng8 9. dxc5 Bxc5 10. Bxb5+ axb5 11. Qxb5+ Nd7 12. Qxb7 Bb6 13. Qc6 Ne7 14. Qb5 Qb8 15. Qe2 Ng6 16. a4 O-O 17. b4 Rc8 18. Be3 Ngxe5 19. a5 Nxf3+ 20. Qxf3 d4 21. cxd4 Bc7 22. Nd2 Qxb4 23. a6 Qd6 24. g3 Bb6 25. Nc4 Qe7 26. Nxb6 Nxb6 27. Qb7 Qd8 28. a7 Nd5 29. Rfc1 Nc3 30. Qb2 Nd5 31. Rxc8 Qxc8 32. Rc1 Qe8 33. Qb7 h5 34. h4 Kh7 35. Bd2 f5 36. Bg5 f4 37. gxf4 Qf8 38. f5 Qxf5 39. Qxa8 Qg4+ 40. Kh2 Qe2 41. Qf8 Nf6 42. Qxf6 1-0

[Event "Slovenian Teams"]
[Site "?"]
[Date "1998.11.10"]
[Round "4"]
[White "Sermek Drazen"]
[Black "Cigan Stefan"]
[Result "1-0"]
[WhiteElo "2550"]
[BlackElo "2375"]
[PlyCount "57"]
[EventDate "1998.??.??"]
[Source "www.chesslib.no"]
[SourceDate "2004.05.04"]

1. e4 a6 2. d4 b5 3. Bd3 Bb7 4. Nf3 Nf6 5. Qe2 e6 6. O-O c5 7. c3 Be7 8. Bg5 Nc6 9. d5 c4 10. Bc2 Na5 11. d6 Bf8 12. b4 cxb3 13. axb3 h6 14. Bd2 Nxe4 15. Bxe4 Bxe4 16. Qxe4 Nxb3 17. Nd4 Nc5 18. Qe5 Nb7 19. Bf4 Nxd6 20. Nd2 Qc8 21. Rfe1 Qb7 22. h3 Rc8 23. Re3 Qb6 24. Qh5 Rc5 25. Qf3 Rc8 26. Qg3 Nb7 27. Be5 d6 28. Bxg7 Rg8 29. Nxe6 1-0

[Event "Cannes"]
[Site "?"]
[Date "2005.02.20"]
[Round "1.1"]
[White "Delchev Aleksander"]
[Black "Chetverik Maxim"]
[Result "1-0"]
[WhiteElo "2597"]
[BlackElo "2314"]
[PlyCount "69"]
[EventDate "2005.??.??"]
[Source "www.chesslib.no"]
[SourceDate "2004.05.04"]

1. e4 a6 2. d4 b5 3. Nf3 Bb7 4. Bd3 e6 5. O-O Nf6 6. Re1 c5 7. c3 d5 8. e5 Ne4 9. Nbd2 Nxd2 10. Bxd2 Nc6 11. dxc5 Bxc5 12. Ng5 Qc7 13. Qh5 g6 14. Qh3 O-O-O 15. b4 Bb6 16. Nf3 d4 17. Rac1 Kb8 18. c4 bxc4 19. Rxc4 Qd7 20. Bg5 Ne7 21. Bf6 Rhf8 22. Ng5 h5 23. Nh7 Rfe8 24. Bg5 Qa4 25. Nf6 Rh8 26. Ne4 Bxe4 27. Bxe7 Bxd3 28. Qxd3 Rd5 29. b5 Qa5 30. Bb4 Qxa2 31. bxa6 Ka7 32. Rec1 Rhd8 33. Bd6 Rd7 34. Rc8 Qa5 35. Qc4 1-0

[Event "Moscow RUS"]
[Site "?"]
[Date "1998.??.??"]
[Round "15"]
[White "Gelman Alexander"]
[Black "Korotylev Alexey"]
[Result "1/2-1/2"]
[WhiteElo "2440"]
[BlackElo "2470"]
[PlyCount "49"]
[EventDate "1998.??.??"]
[Source "www.chesslib.no"]
[SourceDate "2004.05.04"]

1. e4 a6 2. g3 b5 3. Bg2 Bb7 4. d3 e6 5. Nf3 c5 6. O-O d6 7. c3 Nf6 8. Qe2 Be7 9. Ng5 O-O 10. f4 Nc6 11. Na3 Re8 12. Nc2 h6 13. Nf3 Bf8 14. Bd2 e5 15. fxe5 Nxe5 16. Nxe5 Rxe5 17. Rae1 c4 18. Bf4 Re8 19. Qd2 Rc8 20. Nb4 cxd3 21. Qxd3 Nd7 22. Nd5 Rc4 23. Qf3 Rexe4 24. Qxe4 Rxe4 25. Bxe4 1/2-1/2

[Event "AUT-chT 9900"]
[Site "?"]
[Date "2000.??.??"]
[Round "11"]
[White "Popovic Petar"]
[Black "Volkmann Friedrich Karl"]
[Result "1-0"]
[WhiteElo "2483"]
[BlackElo "2427"]
[PlyCount "97"]
[EventDate "2000.??.??"]
[Source "www.chesslib.no"]
[SourceDate "2004.05.04"]

1. e4 a6 2. d4 b5 3. Bd3 Bb7 4. Bg5 h6 5. Bh4 Nf6 6. Nd2 e6 7. Ngf3 g5 8. Bg3 Nh5 9. Be5 Rg8 10. h3 d6 11. Bh2 Nf4 12. Bxf4 gxf4 13. O-O Qf6 14. Re1 c5 15. a4 b4 16. c3 Nc6 17. d5 Na5 18. cxb4 cxb4 19. Nb3 Qd8 20. Nfd4 e5 21. Nxa5 Qxa5 22. Nc6 Bxc6 23. dxc6 Be7 24. Bc4 Rg6 25. Rc1 Bd8 26. Qh5 Qc7 27. Red1 Qe7 28. Rd3 Bb6 29. Qf5 Qc7 30. Bd5 Kf8 31. Kf1 Kg7 32. h4 Ra7 33. Rf3 Qd8 34. g3 Rf6 35. Qg4+ Rg6 36. Qf5 Rf6 37. Qg4+ Rg6 38. Qh5 fxg3 39. fxg3 Rf6 40. Qg4+ Rg6 41. Qh5 Rf6 42. Kg2 Rxf3 43. Qg4+ Kf8 44. Qxf3 a5 45. Qf5 Qe7 46. Rf1 Ke8 47. Qc8+ Qd8 48. Qg4 Kf8 49. Qg6 1-0

[Event "MI Festival GM"]
[Site "Bucharest"]
[Date "1999.03.28"]
[Round "9"]
[White "Svetushkin, Dmitry"]
[Black "Nanu, Ciprian"]
[Result "0-1"]
[WhiteElo "2471"]
[BlackElo "2420"]
[PlyCount "86"]
[EventDate "1999.03.20"]
[Source "ChessBase"]
[SourceDate "1999.05.10"]

1. e4 a6 2. d4 b5 3. a4 b4 4. Nd2 g6 5. Ngf3 Bg7 6. Bc4 e6 7. Qe2 Ne7 8. e5 d5 9. Bd3 c5 10. dxc5 Nd7 11. Nb3 Qc7 12. Bf4 Nxc5 13. Nxc5 Qxc5 14. O-O h6 15. h4 Bb7 16. Qd2 Rd8 17. Be3 Qa5 18. c3 Nc6 19. Bf4 bxc3 20. bxc3 d4 21. Qb2 Ba8 22. cxd4 g5 23. hxg5 hxg5 24. Be3 g4 25. Ng5 Nxe5 26. Be2 Nf3+ 27. gxf3 Qc7 28. Bb5+ axb5 29. Rfc1 Qh2+ 30. Kf1 gxf3 31. Ke1 Rh4 32. Qxb5+ Kf8 33. Qc5+ Kg8 34. Qe7 Qg1+ 35. Kd2 Rhxd4+ 36. Kc2 Rc8+ 37. Kb3 Bd5+ 38. Ka3 Rd3+ 39. Kb4 Rb3+ 40. Ka5 Ra8+ 41. Ba7 Qxg5 42. Rc8+ Rxc8 43. Qxg5 Ra8 0-1

[Event "White Nights, St Petersburg RUS"]
[Site "?"]
[Date "2001.??.??"]
[Round "5"]
[White "Shchukin, D."]
[Black "Kornev, Alexe"]
[Result "0-1"]
[WhiteElo "2385"]
[BlackElo "2505"]
[PlyCount "172"]
[EventDate "2001.??.??"]
[Source "www.chesslib.no"]
[SourceDate "2004.05.04"]

1. e4 a6 2. Nf3 g6 3. g3 d5 4. exd5 Qxd5 5. Nc3 Qd8 6. Bg2 Nf6 7. O-O Bg7 8. Re1 O-O 9. d4 c6 10. Bg5 h6 11. Bxf6 Bxf6 12. Ne4 Bg7 13. c3 Nd7 14. Qb3 Kh7 15. Re2 a5 16. Rae1 a4 17. Qc2 a3 18. b4 e6 19. h4 Kg8 20. Nd6 Qc7 21. Nxc8 Rfxc8 22. h5 g5 23. Nh2 Nf6 24. Bf3 Re8 25. Ng4 Nxg4 26. Bxg4 Qd6 27. Re3 b6 28. Bf3 Ra7 29. Qe4 Rc8 30. Bd1 Qd5 31. Qb1 Re8 32. Bb3 Qd6 33. Qe4 Rae7 34. Ba4 Rc8 35. Bc2 Kf8 36. Qh7 c5 37. dxc5 bxc5 38. Rd3 Qc6 39. bxc5 Qxc5 40. Red1 Qe5 41. Ba4 Qa5 42. Bb3 g4 43. Qe4 Qxh5 44. Rd8+ Re8 45. Qb4+ Kg8 46. Qe7 Rcxd8 47. Rxd8 Rxd8 48. Qxd8+ Bf8 49. Bc2 Qg5 50. Qxg5+ hxg5 51. Bd1 f5 52. Ba4 Bg7 53. Bd7 Kf7 54. Bc8 Bxc3 55. Kf1 Bd4 56. Kg2 Bc5 57. Kf1 Kf6 58. Kg2 Ke5 59. Bd7 Kd6 60. Bc8 Bd4 61. Kf1 Kd5 62. Kg2 Bc3 63. Bd7 Ke5 64. Bc8 Kf6 65. Bd7 e5 66. Bc8 e4 67. Bd7 Ke5 68. Bc8 f4 69. Bxg4 f3+ 70. Kf1 Kd4 71. Bc8 Bb4 72. Bb7 Bd6 73. Bc6 Kd3 74. Bb7 Bc7 75. Bc6 Bb6 76. Bb5+ Kd2 77. Bc6 Bxf2 78. Bxe4 Ke3 79. Bc6 Bxg3 80. Bd7 Kf4 81. Bc8 g4 82. Bd7 Bh4 83. Kg1 Be7 84. Bc6 g3 85. Kh1 g2+ 86. Kh2 Bc5 0-1

[Event "Catalunya-chT"]
[Site "?"]
[Date "1998.??.??"]
[Round "2"]
[White "Kolev Atanas"]
[Black "Herrero Sabartes Joan"]
[Result "1-0"]
[WhiteElo "2515"]
[BlackElo "2370"]
[PlyCount "41"]
[EventDate "1998.??.??"]
[Source "www.chesslib.no"]
[SourceDate "2004.05.04"]

1. e4 a6 2. d4 b5 3. Bd3 Bb7 4. Nf3 Nf6 5. e5 Nd5 6. a4 c5 7. dxc5 e6 8. O-O Bxc5 9. Nbd2 Nc6 10. axb5 axb5 11. Rxa8 Bxa8 12. Bxb5 Qb8 13. c4 Nb6 14. Ne4 Be7 15. Nd6+ Bxd6 16. Qxd6 Qxd6 17. exd6 O-O 18. Be3 Rb8 19. Ra1 Nc8 20. Bxc6 Bxc6 21. Ne5 1-0

[Event "Moscow RUS"]
[Site "?"]
[Date "2004.02.20"]
[Round "4"]
[White "Shanava Konstantine"]
[Black "Janturin Artur"]
[Result "1/2-1/2"]
[WhiteElo "2456"]
[BlackElo "2416"]
[PlyCount "120"]
[EventDate "2004.??.??"]
[Source "www.chesslib.no"]
[SourceDate "2004.05.04"]

1. e4 a6 2. d4 b5 3. Bd3 Bb7 4. Nf3 Nf6 5. Qe2 e6 6. O-O c5 7. c3 Be7 8. Nbd2 cxd4 9. Nxd4 Nc6 10. Nxc6 Bxc6 11. e5 Nd5 12. Ne4 f5 13. exf6 Nxf6 14. Ng5 O-O 15. Bc2 Qe8 16. Be3 h6 17. Nh3 Qh5 18. Qxh5 Nxh5 19. Rfd1 Rac8 20. f3 Nf6 21. Nf4 Nd5 22. Ng6 Bf6 23. Bd4 Rfe8 24. Be4 Ne7 25. Bxf6 gxf6 26. Nxe7+ Rxe7 27. Rd6 Bxe4 28. fxe4 a5 29. Rad1 b4 30. cxb4 axb4 31. R6d4 Ra8 32. Ra1 Rb8 33. b3 Kf8 34. Rc1 Rg7 35. Rcc4 Ra8 36. Rd2 Rb8 37. Rc7 Ke8 38. Ra7 h5 39. Kf2 Rb5 40. Kf3 Rf7 41. Rd4 f5 42. e5 Rg7 43. h3 Rxe5 44. Rxb4 Rd5 45. a4 h4 46. Rxh4 Rd3+ 47. Kf2 Rxb3 48. a5 Rb2+ 49. Ke3 e5 50. g4 Rb3+ 51. Kd2 f4 52. a6 Rb2+ 53. Kd3 f3 54. Rh5 Rf7 55. Rxe5+ Kf8 56. Ra8+ Kg7 57. Rg5+ Kh7 58. Rh5+ Kg7 59. Rg5+ Kh7 60. Rh5+ Kg7 1/2-1/2

[Event "Pribram op rap"]
[Site "?"]
[Date "1997.??.??"]
[Round "1"]
[White "Hracek Zbynek"]
[Black "Hosticka Frantisek"]
[Result "1-0"]
[WhiteElo "2630"]
[BlackElo "2235"]
[PlyCount "77"]
[EventDate "1997.??.??"]
[Source "www.chesslib.no"]
[SourceDate "2004.05.04"]

1. e4 a6 2. d4 b5 3. Nf3 Bb7 4. Nbd2 e6 5. a4 b4 6. Bd3 c5 7. dxc5 Bxc5 8. Nb3 Be7 9. O-O Nf6 10. Qe2 Qc7 11. Bg5 Nc6 12. Rad1 h6 13. Bh4 Nh5 14. Bxe7 Nf4 15. Qd2 Kxe7 16. Rfe1 Rhd8 17. Bf1 d5 18. e5 Ng6 19. Bd3 Kf8 20. Bxg6 fxg6 21. Nfd4 Qe7 22. Qf4+ Kg8 23. Qg4 Nxd4 24. Nxd4 g5 25. Qxe6+ Qxe6 26. Nxe6 Rdc8 27. Nd4 Rc7 28. f3 Re8 29. Re3 Rce7 30. Rde1 Rc8 31. Kf2 Rc4 32. Rd1 Bc8 33. Kg3 h5 34. h4 gxh4+ 35. Kxh4 g6 36. Kg5 Kg7 37. e6 Rcc7 38. f4 Rc4 39. f5 1-0

[Event "GER-ch"]
[Site "Binz"]
[Date "1995.??.??"]
[Round "4"]
[White "Wahls, Matthias"]
[Black "Schulz, Karsten"]
[Result "1-0"]
[WhiteElo "2550"]
[BlackElo "2315"]
[PlyCount "63"]
[EventDate "1995.11.??"]
[Source "ChessBase"]

1. e4 a6 2. c4 e5 3. Nc3 Nf6 4. g3 Nc6 5. Bg2 g6 6. Nge2 Bg7 7. O-O O-O 8. f4 exf4 9. gxf4 d6 10. d4 Bg4 11. d5 Ne7 12. Be3 Nh5 13. Bd4 Qd7 14. Bxg7 Nxg7 15. Qd3 Bxe2 16. Nxe2 f5 17. e5 dxe5 18. fxe5 Nc6 19. e6 Qd6 20. Qc3 Na7 21. Rad1 Rad8 22. Nf4 Nc8 23. c5 Qe7 24. Rfe1 Qh4 25. Rd4 Qg5 26. h4 Qf6 27. d6 Ne7 28. dxe7 Qxd4+ 29. Qxd4 Rxd4 30. exf8=Q+ Kxf8 31. e7+ Kf7 32. Ne6 1-0

[Event "ch-UKR"]
[Site "Simferopol"]
[Date "2003.11.12"]
[Round "9"]
[White "Moroz, Alexander"]
[Black "Tarlev, Konstantin"]
[Result "1/2-1/2"]
[WhiteElo "2522"]
[BlackElo "2341"]
[PlyCount "108"]
[EventDate "2003.11.04"]
[Source "Roberto Alvarez"]
[SourceDate "2003.12.22"]

1. e4 a6 2. d4 b5 3. Bd3 e6 4. Nf3 Bb7 5. O-O c5 6. c3 Nf6 7. Qe2 d6 8. Bg5 Be7 9. Nbd2 h6 10. Bh4 Nbd7 11. Rad1 O-O 12. e5 dxe5 13. dxe5 Nd5 14. Qe4 g6 15. Bxe7 Qxe7 16. Qg4 c4 17. Bc2 Nc5 18. h4 h5 19. Qg3 Qc7 20. Ng5 Ne7 21. Ndf3 Bxf3 22. Nxf3 Nf5 23. Qf4 Rfd8 24. Nd4 Rd7 25. Rfe1 Rad8 26. Bxf5 exf5 27. Qh6 Re8 28. e6 Nxe6 29. Rd2 Rde7 30. Nxe6 Rxe6 31. Rxe6 Rxe6 32. g3 Re8 33. a3 Qc6 34. Kh2 Qa8 35. Rd6 Qb7 36. Qd2 Qf3 37. Rd8 Rxd8 38. Qxd8+ Kh7 39. Qd4 Qe4 40. Qa7 Qe6 41. Qd4 Kg8 42. Qd8+ Kg7 43. Qd4+ Qf6 44. Qf4 Kh7 45. Kg1 Qe7 46. Qd4 Qe1+ 47. Kh2 Qe2 48. Kg1 Qxb2 49. Qf6 Qc1+ 50. Kg2 Qh6 51. Qxa6 Qg7 52. Qxb5 Qxc3 53. Qd5 Qxa3 54. Qxf7+ Kh6 1/2-1/2

[Event "BL"]
[Site "BL"]
[Date "1994.??.??"]
[Round "?"]
[White "Tischbierek, Raj"]
[Black "Reefschlaeger, Helmut"]
[Result "1-0"]
[WhiteElo "2490"]
[BlackElo "2370"]
[PlyCount "81"]
[EventDate "1994.??.??"]
[Source "www.chesslib.no"]
[SourceDate "2004.05.04"]

1. e4 a6 2. d4 b5 3. Bd3 Bb7 4. Nf3 Nf6 5. Nbd2 e6 6. O-O c5 7. dxc5 Bxc5 8. e5 Nd5 9. Ne4 Be7 10. Bg5 O-O 11. Nd6 Bc6 12. Bxe7 Qxe7 13. a4 f6 14. Ne4 Nf4 15. Re1 f5 16. Nd6 g5 17. Bf1 g4 18. Nd4 Qg7 19. Qd2 Ng6 20. Qc3 bxa4 21. Qc5 a5 22. Ra3 Nf4 23. N6b5 Na6 24. Qd6 Nb4 25. Nc7 Ra7 26. Nxc6 dxc6 27. Nxe6 Nxe6 28. Qxe6+ Kh8 29. Qc4 Re7 30. Rxa4 Rxe5 31. Rxe5 Qd7 32. c3 Kg7 33. Qd3 Na2 34. Qf3 Ra8 35. b4 Qd6 36. Ba6 c5 37. Bb7 axb4 38. Ra6 Nxc3 39. Rb6 Rd8 40. Re4 Qe7 41. Re2 1-0

[Event "Tirnavia-A"]
[Site "Trnava SVK"]
[Date "1980.??.??"]
[Round "4"]
[White "Nicevski, Risto"]
[Black "Klaric, Zlatko"]
[Result "0-1"]
[WhiteElo "2410"]
[BlackElo "2430"]
[PlyCount "72"]
[EventDate "1980.03.??"]
[Source "www.chesslib.no"]
[SourceDate "2004.05.04"]

1. e4 a6 2. d4 b5 3. Bd3 Bb7 4. Nf3 e6 5. O-O Nf6 6. Qe2 c5 7. dxc5 Bxc5 8. Nbd2 d6 9. e5 dxe5 10. Bxb5+ Nbd7 11. Bxd7+ Nxd7 12. Nxe5 Bxg2 13. Kxg2 Qg5+ 14. Kh1 Qxe5 15. Qxe5 Nxe5 16. Ne4 Ba7 17. Bf4 Nf3 18. Rad1 O-O 19. Rd3 Nd4 20. Be5 Nc6 21. Bc3 e5 22. Rd6 Rac8 23. f3 f5 24. Nd2 Bb8 25. Rd5 Nd4 26. Bxd4 exd4 27. Re1 Rxc2 28. Rxd4 Rxb2 29. Re7 Bf4 30. Nf1 Bg5 31. Ra7 Rxa2 32. Rdd7 Bf6 33. Ne3 Rc8 34. Rdc7 Re8 35. Rc2 Ra1+ 36. Kg2 Bd4 0-1

[Event "Troll Masters"]
[Site "Gausdal NOR"]
[Date "1989.??.??"]
[Round "?"]
[White "Schmittdiel, Eckhard"]
[Black "Ostenstad, Berge"]
[Result "1-0"]
[WhiteElo "2425"]
[BlackElo "2410"]
[PlyCount "65"]
[EventDate "1989.01.??"]
[Source "www.chesslib.no"]
[SourceDate "2004.05.04"]

1. e4 a6 2. g3 b5 3. Bg2 Bb7 4. d3 g6 5. c4 Bg7 6. Ne2 e6 7. Qb3 Nc6 8. O-O Nge7 9. Nbc3 bxc4 10. dxc4 Rb8 11. Be3 O-O 12. Rad1 f5 13. Rd2 Qe8 14. Rfd1 fxe4 15. Nxe4 Ne5 16. Qc2 Nf5 17. Bf4 d6 18. b3 h6 19. Bxe5 Bxe5 20. Qd3 g5 21. Rf1 Bg7 22. f4 g4 23. Rf2 a5 24. h3 h5 25. hxg4 hxg4 26. c5 d5 27. Ng5 Qc6 28. Qc2 Rf6 29. Nd4 Nxd4 30. Rxd4 Rf5 31. Rxd5 Rxd5 32. Qh7+ Kf8 33. f5 1-0

[Event "Corr"]
[Site "?"]
[Date "1996.04.15"]
[Round "?"]
[White "Soentges Karl Heinz"]
[Black "Donskikh Yury Fedorovich (RU"]
[Result "1-0"]
[WhiteElo "2420"]
[BlackElo "2405"]
[PlyCount "75"]
[EventDate "1996.??.??"]
[Source "www.chesslib.no"]
[SourceDate "2004.05.04"]

1. e4 a6 2. d4 b5 3. Nf3 Bb7 4. Bd3 e6 5. O-O Nf6 6. Qe2 c5 7. c3 d6 8. dxc5 dxc5 9. Rd1 Qc7 10. e5 Nfd7 11. a4 c4 12. Be4 Nc6 13. Na3 Qb6 14. Bg5 Nc5 15. axb5 Nxe4 16. Nxc4 Qxb5 17. Qxe4 h6 18. Qd3 Qd5 19. Bh4 Qxd3 20. Rxd3 g5 21. Bg3 a5 22. Nd4 Nxd4 23. Rxd4 Bc5 24. Nd6+ Kd7 25. Nxb7+ Bxd4 26. cxd4 Rhb8 27. Nc5+ Ke8 28. b3 Rb4 29. f3 Rxd4 30. Bf2 Rd5 31. Ne4 Rd3 32. Bc5 Kd7 33. b4 a4 34. Bd6 Kc6 35. Nc5 Rd2 36. Rxa4 Rxa4 37. Nxa4 Rd4 38. Kf2 1-0

[Event "Corr"]
[Site "?"]
[Date "1998.09.30"]
[Round "?"]
[White "Leroy Jacques (BEL)"]
[Black "Donskikh Yury Fedorovich (RU"]
[Result "1/2-1/2"]
[WhiteElo "2376"]
[BlackElo "2447"]
[PlyCount "151"]
[EventDate "1998.??.??"]
[Source "www.chesslib.no"]
[SourceDate "2004.05.04"]

1. e4 a6 2. d4 b5 3. Bd3 Bb7 4. f3 g6 5. c4 bxc4 6. Bxc4 e6 7. Nc3 Nc6 8. Nge2 Bg7 9. O-O Nge7 10. Bg5 O-O 11. Qd2 Re8 12. d5 Na5 13. Bd3 exd5 14. exd5 f6 15. Bf4 c6 16. d6 Nd5 17. Bg3 Ne3 18. Rfe1 Nac4 19. Qc1 Nb6 20. Nf4 Ned5 21. Qd2 Rxe1+ 22. Rxe1 f5 23. Ncxd5 cxd5 24. Bf2 Rb8 25. b3 Nc8 26. Bf1 Bh6 27. Be3 Bxf4 28. Bxf4 Qb6+ 29. Qe3 Qxe3+ 30. Rxe3 Kf7 31. Kf2 Ra8 32. h4 Bc6 33. g4 fxg4 34. fxg4 a5 35. a3 Rb8 36. Ba6 Na7 37. Re7+ Kg8 38. Bh6 Nb5 39. Bxb5 Rxb5 40. b4 axb4 41. Rg7+ Kh8 42. Rf7 Rb8 43. axb4 Kg8 44. Rf4 Re8 45. h5 Bb5 46. Kg3 Bc4 47. Kh4 Bd3 48. Rf6 Rb8 49. Rf3 Be4 50. Rf4 Bd3 51. Rf2 gxh5 52. gxh5 Re8 53. Rf3 Be4 54. Rf6 Bd3 55. Kg3 d4 56. Rf4 Re3+ 57. Kg2 Re2+ 58. Kf3 Re3+ 59. Kg4 Re4 60. Rxe4 Bxe4 61. b5 Kf7 62. Kf4 Bd3 63. b6 Ba6 64. Ke5 d3 65. Bd2 Bb7 66. Bf4 Ba6 67. Bg5 Bb7 68. Be3 Ba6 69. Bf4 Bb7 70. Bd2 Ba6 71. Kf5 Bb7 72. h6 Ba6 73. Ba5 Bb7 74. Bc3 Ba6 75. Ke5 Bb7 76. Bd2 1/2-1/2

[Event "Corr"]
[Site "?"]
[Date "1999.02.15"]
[Round "?"]
[White "Lucchini Gianfelice (SUI)"]
[Black "Lyukmanov Vyacheslav Borisovi"]
[Result "0-1"]
[WhiteElo "2399"]
[BlackElo "2419"]
[PlyCount "126"]
[EventDate "1999.??.??"]
[Source "www.chesslib.no"]
[SourceDate "2004.05.04"]

1. e4 a6 2. d4 b5 3. Bd3 Bb7 4. Nf3 e6 5. O-O c5 6. c3 Nf6 7. Nbd2 d6 8. Qe2 Nbd7 9. Re1 Be7 10. e5 dxe5 11. dxe5 Nd5 12. Ne4 Qc7 13. Ng3 O-O 14. Qe4 g6 15. Qg4 c4 16. Bc2 b4 17. Bg5 bxc3 18. bxc3 Rfe8 19. Bxe7 Nxe7 20. Ng5 Nf5 21. Nh5 Re7 22. Nf6+ Kg7 23. Nxd7 Rxd7 24. Rab1 h6 25. Nf3 Rad8 26. Rb4 Qa5 27. a4 Bxf3 28. Qxf3 Nd4 29. Qf6+ Kg8 30. Bxg6 fxg6 31. Qxg6+ Rg7 32. Qe4 Qc5 33. g3 a5 34. Rbb1 Nb3 35. Red1 Rd5 36. Qf4 Rf7 37. Rxd5 Qxd5 38. Qxh6 Qd3 39. Rb2 Qd1+ 40. Kg2 Qd5+ 41. Kg1 Qxe5 42. Qg6+ Kf8 43. Qh6+ Ke8 44. f4 Qe1+ 45. Kg2 Qe4+ 46. Kg1 Rh7 47. Qg5 Kd7 48. h4 Qe3+ 49. Kh2 Qxc3 50. Qb5+ Kc7 51. Rg2 Nd4 52. Qe5+ Kc8 53. Qc5+ Kb7 54. Kh3 Qa1 55. Qxa5 Qh1+ 56. Rh2 Rxh4+ 57. Kxh4 Qxh2+ 58. Kg4 Qe2+ 59. Kh3 Qf1+ 60. Kh4 Qh1+ 61. Kg4 Qb1 62. Qc3 Qd3 63. Qb4+ Kc6 0-1

[Event "Budapest FS08 GM"]
[Site "Budapest"]
[Date "2001.08.14"]
[Round "11"]
[White "Rajlich, Vasik G"]
[Black "Drazic, Sinisa"]
[Result "0-1"]
[WhiteElo "2330"]
[BlackElo "2480"]
[PlyCount "44"]
[EventDate "2001.08.04"]
[Source "ChessBase"]
[SourceDate "2001.09.11"]

1. e4 a6 2. d4 c5 3. c3 cxd4 4. cxd4 d5 5. exd5 Nf6 6. Nc3 b5 7. Nf3 Bb7 8. Bd3 g6 9. O-O Bg7 10. Re1 O-O 11. Bg5 Ra7 12. Qd2 Nxd5 13. Nxd5 Bxd5 14. Be4 Nc6 15. Rac1 Bxe4 16. Rxe4 Qd5 17. Rh4 Rd8 18. Bh6 Bf6 19. Qf4 Rad7 20. Bg5 Nxd4 21. Nxd4 Bxg5 22. Qg4 Qxd4 0-1

[Event "BUL Team Ch"]
[Site "Bankia"]
[Date "1991.??.??"]
[Round "5"]
[White "Trifunov, Dimitar"]
[Black "Manolov, Ivan"]
[Result "1/2-1/2"]
[WhiteElo "2425"]
[BlackElo "2380"]
[PlyCount "38"]
[EventDate "1991.??.??"]
[Source "www.chesslib.no"]
[SourceDate "2004.05.04"]

1. e4 a6 2. d4 c5 3. c3 e6 4. Nf3 d5 5. exd5 Qxd5 6. Be3 cxd4 7. Qxd4 Qxd4 8. Nxd4 Nf6 9. g3 Ng4 10. Bd2 e5 11. Nb3 a5 12. a4 Be6 13. c4 Nc6 14. h3 Nf6 15. Nc3 Bb4 16. Nb5 O-O-O 17. O-O-O Ne4 18. Be3 Rxd1+ 19. Kxd1 Rd8+ 1/2-1/2

[Event "AUT-chT2O 9697"]
[Site "Austria"]
[Date "1997.??.??"]
[Round "?"]
[White "Jansa, Vlastimil"]
[Black "Weber, Gerold"]
[Result "0-1"]
[WhiteElo "2490"]
[BlackElo "2315"]
[PlyCount "124"]
[EventDate "1996.??.??"]
[Source "www.chesslib.no"]
[SourceDate "2004.05.04"]

1. e4 a6 2. d4 b5 3. Nf3 Bb7 4. Bd3 e6 5. O-O c5 6. c3 Nc6 7. d5 Nce7 8. Re1 Nf6 9. a4 c4 10. Bc2 Ng6 11. axb5 axb5 12. Rxa8 Qxa8 13. Nd4 Ba6 14. Bg5 Qb8 15. Nd2 Bc5 16. Qf3 Be7 17. dxe6 fxe6 18. e5 Nxe5 19. Qh3 Bc8 20. Bf4 Bd6 21. Ne4 Nxe4 22. Rxe4 Nf7 23. Bxd6 Qxd6 24. Rg4 g6 25. Qe3 Qc5 26. h4 Bb7 27. Qg3 e5 28. Nf3 Bxf3 29. Qxf3 d5 30. h5 g5 31. Qf6 Qe7 32. Qg7 e4 33. Rg3 h6 34. f3 Qc5+ 35. Kf1 Qe3 36. Qd4 Qxd4 37. cxd4 Nd6 38. fxe4 dxe4 39. Ra3 Kd7 40. Ke2 Kc6 41. Ra7 Re8 42. g4 Rf8 43. Rh7 Rf4 44. Rxh6 Rxg4 45. Rh8 Rh4 46. h6 Kd5 47. h7 Nf7 48. Rb8 Rxh7 49. Rxb5+ Kxd4 50. Rb8 Rh2+ 51. Kd1 Ne5 52. Kc1 g4 53. Rg8 Ke3 54. Kb1 Rh1+ 55. Ka2 Rh6 56. Bd1 Kf4 57. Rf8+ Kg5 58. Rg8+ Kf5 59. Rf8+ Rf6 60. Rg8 Kf4 61. Re8 Rg6 62. Rf8+ Ke3 0-1

[Event "Tula RUS"]
[Site "?"]
[Date "2006.02.08"]
[Round "6"]
[White "Afromeev Vladimir"]
[Black "Novikov Konstantin Ivan"]
[Result "1-0"]
[WhiteElo "2573"]
[BlackElo "2228"]
[PlyCount "40"]
[EventDate "2006.??.??"]
[Source "www.chesslib.no"]
[SourceDate "2004.05.04"]

1. e4 a6 2. d4 b5 3. Nf3 Bb7 4. Bd3 Nf6 5. Nbd2 e6 6. O-O c5 7. dxc5 Bxc5 8. e5 Nd5 9. Ne4 Qc7 10. Nfg5 Nb4 11. Qh5 g6 12. Qf3 Rf8 13. Nxh7 Nxd3 14. cxd3 Rh8 15. Nhf6+ Kd8 16. Ng4 Be7 17. Qxf7 Bxe4 18. dxe4 Nc6 19. Qg7 Re8 20. Nf6 Rf8 1-0